00300nam a22000975i 4500020001800000082002000018100002100038245008600059260003800145300001900183 a9789555901321 a500 DESb007609 aDe silva,M.Asoka02aA historical review of science planning and research in Sri Lanka [1812 - 2000] / bNational Science Foundationc2019 axvi, 338 pages